| 000 | 00789nam a22002297a 4500 | ||
|---|---|---|---|
| 999 |
_c19252 _d19252 |
||
| 003 | AR-CdUCM | ||
| 008 | 190517b ||||| |||| 00| 0 spa d | ||
| 040 |
_aMUNICIPALIDAD PROVINCIAL DEL CUSCO _cBIBLIOTECA MUNICIPAL DEL CUSCO |
||
| 082 |
_a581.985 / _bS16 |
||
| 100 |
_aSagástegui Alva, Abundio _940480 |
||
| 245 | _aFlora invasora de los cultivos del Perú / | ||
| 260 |
_aTrujillo : _bEl autor, _c1993. |
||
| 300 |
_a539 páginas ; _bIlustraciones, _c24 cm. |
||
| 505 | _aContenido: Caracteres de las familias y géneros y descripción de las especies ... | ||
| 650 |
_aFlora _920658 |
||
| 650 |
_aMalezas _922118 |
||
| 650 |
_aCompendios, manuales _940481 |
||
| 650 |
_aPerú _935 |
||
| 700 |
_aLeiva González, Segundo _940482 |
||
| 942 |
_2ddc _cLIBROS |
||
| 945 |
_aacv _d2019-05-17 |
||